Statistics for People with A Initials

Click here to take the quiz!

General Stats

  • This quiz has been taken 42,077 times
    (19,083 since last reset)
  • The average score is 16 of 25

Answer Stats

CluePerson% Correct
AEE = mc2 theoristAlbert Einstein
98%
AHNotable führerAdolf Hitler
93%
ALThe 16th U.S. PresidentAbraham Lincoln
86%
ASAustria's most famous
bodybuilder
Arnold
Schwarzenegger
84%
ABSecond wife of Henry VIIIAnne Boleyn
83%
AF"R-E-S-P-E-C-T", she sangAretha Franklin
81%
ACGangster called "Scarface"Al Capone
80%
AP"The Godfather" actorAl Pacino
80%
AWShe didn't want to go to
rehab, no no no
Amy Winehouse
79%
AGPaul Simon's partnerArt Garfunkel
75%
AJU.S. President who killed a
man in a duel
Andrew Jackson
74%
ANDynamite inventorAlfred Nobel
67%
AATennis player whose main
rival was Pete Sampras
Andre Agassi
67%
AOSecond husband of
Jackie Kennedy
Aristotle Onassis
61%
AVMapmaker and namesake
of two continents
Amerigo Vespucci
58%
AD"The Three Musketeers" authorAlexandre Dumas
57%
AYSinger of "Amish Paradise"
and "Like a Surgeon"
Al Yankovic
56%
AT"Jeopardy" hostAlex Trebek
53%
AMCanadian singer with a poor
grasp of the word "irony"
Alanis Morissette
51%
AIBasketball player with corn rows
nicknamed "The Answer"
Allen Iverson
37%
ARAuthor of "Atlas Shrugged"Ayn Rand
37%
AQStar of "Zorba the Greek"Anthony Quinn
33%
AKDirector of "Seven Samurai"Akira Kurosawa
29%
AZHe filmed the Kennedy
assassination
Abraham Zapruder
24%
AUFour-time Indy 500 winnerAl Unser
18%

Score Distribution

Percentile by Number Answered

Percent of People with Each Score

Your Score History

You have not taken this quiz since the last reset